000 00706nam a2200253Ia 4500
003 OSt
005 20220928104207.0
006 a|||||r|||| 00| 0
007 ta
008 220927b |||||||| |||| 00| 0 eng d
020 _cIndian Rupees 200
024 _a141224
037 _bGift, 29/08/2019,
_cTextual
040 _aSDCL
_cSDCL
_beng
041 _2eng
_aeng
082 _aO-,3N181:g, P3
100 _aPrasad Anup
_9409552
245 0 _aPlace of emily bronte in english novel
260 _aPatna
_bAnup prasad
_c2003
300 _a271p.
_ccm.
650 _aGift
_9391569
942 _hO-,3N181:g, P3
_cTEXL
_2CC
999 _c725117
_d725117